000 00689nam a22001697a 4500
005 2012021109509.0
020 _a8120315324
_c175.00
035 _aA-999172
037 _aDPL
_bENG
100 _aAdamson, Jay
_941640
245 _aTestprep MCSE :
_bNetworking essentials /
_cby Jay Adamson
260 _aNew Delhi
_bPrentice-Hall of India
_c1999
300 _axi, 316p.
_c24 cms.
942 _2ddc
_cEN
_h005.754
_mADA
999 _c62574
_d62574